000 00703nam a2200289Ia 4500
005 20260324123355.0
008 008 260324s9999 xx 000 0 eng d
020 _a9781315554471
037 _aEBOOK
040 _aCRL
040 _beng
040 _cCRL
041 _2eng
041 _aeng
084 _qCRL
100 _aTheodore F. Sheckels
_91170063
245 4 _aThe Political in Margaret Atwood's Fiction
245 4 _bThe Writing on the Wall of the Tent
260 _bTaylor and Francis
260 _c2012
365 _a
365 _b240
856 _uhttp://www.taylorfrancis.com/books/9781315554471
942 _cEBOOK
999 _c1763543
_d1763543